Spalovaní čistírenských kalů - pro i proti

Energetické využitie odpadov sa začína používať aj vo vodárenstve. Spoločnosť VEOLIA ČR produkuje z čistiarenskych kalov potenciálny energetický zdroj, doplnok uhlia, prípadne biomasy. Legislatíva, výhody a nevýhody s kalmi.

Gespeichert in:
Bibliographische Detailangaben
1. Verfasser: Geussová, Milena
Weitere Verfasser: Beneš, Ondřej
Format: Buchkapitel
Sprache:Tschechisch
Schlagworte:
Tags: Tag hinzufügen
Keine Tags, Fügen Sie das erste Tag hinzu!

MARC

LEADER 00000naa a2200000 4500
001 0234558
005 20221104112252.2
041 0 |a cze 
044 |a CZ 
245 1 0 |a Spalovaní čistírenských kalů - pro i proti  |c Milena Geussová, Ondřej Beneš 
520 |a Energetické využitie odpadov sa začína používať aj vo vodárenstve. Spoločnosť VEOLIA ČR produkuje z čistiarenskych kalov potenciálny energetický zdroj, doplnok uhlia, prípadne biomasy. Legislatíva, výhody a nevýhody s kalmi. 
610 2 0 |a čistiarne vôd odpadových 
610 2 0 |a zdroje energetické 
610 2 0 |a zdroje energie alternatívne 
610 2 0 |a voda odpadová 
610 2 0 |a prostredie životné 
100 1 |a Geussová, Milena 
700 1 |a Beneš, Ondřej